000 005140000a22001810004500
003 MACL
005 20160311114025.0
008 160311b xxu||||| |||| 00| 0 eng d
040 _aMACL
_cMACL
041 _aHindi
082 _a891.433
100 _aकाशिकेय रूद्र
_944751
245 _aखुशबू गुलाब की
260 _bज्ञान भारती
_c1982
_aनई दिल्‍ली
350 _a30
650 _aNovel
_944752
942 _cHIN
_k891.433
_2ddc
999 _c27608
_d27608